| 000 | 00566nam a2200205 a 4500 | ||
|---|---|---|---|
| 005 | 20220628073933.0 | ||
| 008 | 010829s2003 r 000 0 eng d | ||
| 020 | _a9707310200 | ||
| 035 | _aUPN01000133052 | ||
| 049 | _aCG | ||
| 050 | 4 |
_aPQ9697 S3 _bM8a |
|
| 100 | 1 | _aScliar, Moacyr | |
| 245 | 1 | 3 |
_aLa mujer que escribió la Biblia / _cMoacyr Scliar. |
| 260 |
_aMéxico : _bSuma de Letras, _c2003. |
||
| 300 | _a273 p. | ||
| 440 | 0 |
_aPunto de lectura ; _v419.1 |
|
| 650 | 0 |
_aNovela brasileña _95077 |
|
| 650 | 4 |
_aLITERATURA BRASILEÑA _95072 |
|
| 905 | _aLibro | ||
| 999 |
_c105205 _d105205 |
||